000 00523cam a2200193 4500
001 8118
005 20250411151116.0
008 070402s2007
010 _a 2007013900
082 0 0 _a618.920
100 _aPinniger,Rachel.
245 0 0 _aChild Health Manual /
_ca hand book for health workers.
260 _aRoyal Institute of Health Sciences ;
_aBhutan:
300 _a360p., :
_bill. (some col.) ;
_c28 cm.
440 _aChild Health Manual
650 1 2 _vHandbooks.
700 1 _aRimmer, Myfanwy.
942 _2ddc
_cMAIN
999 _c10216
_d10217